[Event "Limhamns 5:e int. junior"]
[Site "Malmoe"]
[Date "1999.06.18"]
[Round "1"]
[White "Flaisigova, Petra"]
[Black "Stefanek, Piotr"]
[Result "0-1"]
[WhiteElo "2040"]
[BlackElo "2230"]
[PlyCount "44"]
[EventDate "1999.05.??"]

1. e4 c5 2. Nf3 e6 3. c4 Nc6 4. Nc3 a6 5. Be2 Qc7 6. O-O Nd4 7. e5 Ne7 8. d3
Ng6 9. Re1 d6 10. exd6 Bxd6 11. g3 Nxe2+ 12. Qxe2 O-O 13. Ne4 b6 14. b3 Bb7 15.
Bb2 Rad8 16. Rad1 Qc6 17. h4 f5 18. Neg5 e5 19. h5 Nh8 20. Bxe5 Bxe5 21. Qxe5
Nf7 22. Qe6 Rd6 0-1

[Event "Limhamns 5:e int. junior"]
[Site "Malmoe"]
[Date "1999.06.18"]
[Round "1"]
[White "Kharitonov, Sergei"]
[Black "Laksman, Efraim"]
[Result "1-0"]
[WhiteElo "2201"]
[BlackElo "2060"]
[PlyCount "57"]
[EventDate "1999.05.??"]

1. e4 Nf6 2. Nc3 e5 3. Nf3 Nc6 4. d4 Bb4 5. Nxe5 Nxe5 6. dxe5 Nxe4 7. Qd4 Bxc3+
8. bxc3 Ng5 9. Ba3 b6 10. h4 Ne6 11. Qe4 Rb8 12. Bc4 Bb7 13. Qg4 h5 14. Qg3 g6
15. Rd1 Qc8 16. f4 Be4 17. O-O Bf5 18. Bd3 Ng7 19. c4 c5 20. Bb2 O-O 21. e6
dxe6 22. Qg5 Kh7 23. Be2 Qa6 24. Be5 Rbc8 25. Rd7 Bxc2 26. Qf6 Nf5 27. Rxf7+
Rxf7 28. Qxf7+ Kh6 29. Bf6 1-0

[Event "Limhamns 5:e int. junior"]
[Site "Malmoe"]
[Date "1999.06.18"]
[Round "1"]
[White "Namini, Armin"]
[Black "Owczarzak, Jerzy"]
[Result "1/2-1/2"]
[WhiteElo "1995"]
[BlackElo "2194"]
[PlyCount "66"]
[EventDate "1999.05.??"]

1. Nf3 Nf6 2. g3 g6 3. Bg2 Bg7 4. O-O O-O 5. Re1 d5 6. d3 Nc6 7. c3 e5 8. Qc2
h6 9. Nbd2 b6 10. b4 Nd7 11. Qb3 Bb7 12. Bb2 Ne7 13. e4 c5 14. exd5 Bxd5 15. c4
Bb7 16. Nxe5 Bxg2 17. Kxg2 Nxe5 18. Bxe5 Bxe5 19. Rxe5 Nc6 20. Rd5 Qf6 21. Re1
Nxb4 22. Ne4 Qg7 23. Rd6 Rfd8 24. a3 Rxd6 25. Nxd6 Nc6 26. Qa4 Ne5 27. Re3 Qf6
28. Ne4 Qc6 29. Qxc6 Nxc6 30. Nf6+ Kg7 31. Nd5 Kf8 32. Nf6 Kg7 33. Nd5 Kf8
1/2-1/2

[Event "Limhamns 5:e int. junior"]
[Site "Malmoe"]
[Date "1999.06.18"]
[Round "1"]
[White "Rylander, Dennis"]
[Black "Wakeham, Daniel"]
[Result "1/2-1/2"]
[WhiteElo "2141"]
[BlackElo "1955"]
[PlyCount "47"]
[EventDate "1999.05.??"]

1. d4 Nf6 2. c4 e6 3. Nc3 Bb4 4. e3 c5 5. Nge2 cxd4 6. exd4 d5 7. a3 Be7 8. c5
O-O 9. b4 b6 10. g3 a5 11. Na4 axb4 12. Nxb6 Ra7 13. Bg2 Nbd7 14. Nxc8 Qxc8 15.
O-O e5 16. dxe5 Nxe5 17. Bf4 Nc6 18. axb4 Rxa1 19. Qxa1 Nxb4 20. Rc1 Nd3 21.
Rc3 Nxc5 22. Be3 Qa6 23. Qxa6 Nxa6 24. Bd4 1/2-1/2

[Event "Limhamns 5:e int. junior"]
[Site "Malmoe"]
[Date "1999.06.18"]
[Round "1"]
[White "Becker, Bartosz"]
[Black "Mansson, Lars"]
[Result "0-1"]
[WhiteElo "1950"]
[BlackElo "2120"]
[PlyCount "94"]
[EventDate "1999.05.??"]

1. c4 c6 2. Nc3 d5 3. cxd5 cxd5 4. d4 Nf6 5. Nf3 Nc6 6. Bf4 Ne4 7. e3 Nxc3 8.
bxc3 g6 9. Qa4 Bg7 10. Bb5 Bd7 11. Qb3 a6 12. Bd3 Bc8 13. O-O Na5 14. Qc2 O-O
15. h4 b5 16. h5 Nc4 17. hxg6 hxg6 18. e4 Bg4 19. Bxc4 bxc4 20. Ne5 Be6 21. f3
Qe8 22. Rab1 f6 23. Ng4 Bxg4 24. fxg4 e5 25. dxe5 fxe5 26. Bg3 Rxf1+ 27. Rxf1
Rd8 28. exd5 Rxd5 29. Qe4 Qc6 30. Kh2 Rd6 31. Re1 Qxe4 32. Rxe4 Rc6 33. Kg1 Rc5
34. a4 Kf7 35. Kf2 Ke6 36. Kf3 Kd5 37. Re2 e4+ 38. Rxe4 Bxc3 39. Re7 Rc6 40.
Bf2 Bf6 41. Rd7+ Ke6 42. Rd2 c3 43. Rc2 Kd5 44. Ke2 Kc4 45. Be3 Re6 46. Kf3 Kd3
47. Re2 Bg5 0-1

[Event "Limhamns 5:e int. junior"]
[Site "Malmoe"]
[Date "1999.06.18"]
[Round "1"]
[White "Adamski, Michal"]
[Black "Bobrowska, Beata"]
[Result "1-0"]
[WhiteElo "2110"]
[BlackElo "1950"]
[PlyCount "45"]
[EventDate "1999.05.??"]

1. e4 e6 2. d4 d5 3. Nc3 Nf6 4. Bg5 Be7 5. e5 Nfd7 6. Bxe7 Qxe7 7. f4 c5 8. Nb5
Na6 9. Nd6+ Kd8 10. c4 Nb6 11. Nf3 Kc7 12. cxd5 Nxd5 13. Bxa6 bxa6 14. Rc1 Kd8
15. dxc5 Qc7 16. O-O Ke7 17. Qd2 Bd7 18. c6 Be8 19. f5 h6 20. Nd4 Rb8 21. Qf2
g6 22. fxg6 fxg6 23. Qf7+ 1-0

[Event "Limhamns 5:e int. junior"]
[Site "Malmoe"]
[Date "1999.06.18"]
[Round "1"]
[White "Holmberg, Fredrik"]
[Black "Decha, Eliska"]
[Result "1-0"]
[WhiteElo "1935"]
[BlackElo "2106"]
[PlyCount "61"]
[EventDate "1999.05.??"]

1. e4 c5 2. Nf3 d6 3. d4 cxd4 4. Nxd4 Nf6 5. Nc3 a6 6. Bg5 Nc6 7. Qd2 e6 8.
O-O-O h6 9. Bxf6 gxf6 10. f4 h5 11. g3 Bd7 12. Kb1 b5 13. Nxc6 Bxc6 14. Bg2 a5
15. Rhe1 b4 16. Nd5 Rb8 17. Nxf6+ Ke7 18. Nd5+ Kd7 19. Ne3 Bb5 20. Qd4 Rg8 21.
e5 d5 22. f5 Qc7 23. Bxd5 exd5 24. Nxd5 Qc5 25. Nf6+ Kc7 26. Nxg8 Qxd4 27. Rxd4
Bc5 28. Rd5 Bf2 29. Red1 Bc6 30. R5d2 Be3 31. Rd3 1-0

[Event "Limhamns 5:e int. junior"]
[Site "Malmoe"]
[Date "1999.06.18"]
[Round "1"]
[White "Vovk, Oksana"]
[Black "Innab, Schass"]
[Result "1-0"]
[WhiteElo "2089"]
[BlackElo "1830"]
[PlyCount "53"]
[EventDate "1999.05.??"]

1. d4 e6 2. Nf3 Nf6 3. c4 c5 4. e3 cxd4 5. exd4 d5 6. Nc3 Be7 7. Bg5 O-O 8. Bd3
a6 9. c5 b6 10. b4 Nc6 11. a3 h6 12. Bd2 Bb7 13. O-O bxc5 14. bxc5 Rb8 15. Qa4
Qc7 16. Rab1 Nxd4 17. Nxd4 e5 18. Nf5 d4 19. Ne2 Nd5 20. Ba5 Qc8 21. Nd6 Bxd6
22. cxd6 Qg4 23. h3 Qg5 24. Rxb7 Rxb7 25. Qc6 Rb3 26. Nc1 Rxa3 27. Qxd5 1-0

[Event "Limhamns 5:e int. junior"]
[Site "Malmoe"]
[Date "1999.06.18"]
[Round "1"]
[White "Rosell, Tomas"]
[Black "Janiszyn, Elzbieta"]
[Result "1-0"]
[WhiteElo "1805"]
[BlackElo "2074"]
[PlyCount "65"]
[EventDate "1999.05.??"]

1. e4 c6 2. d4 d5 3. e5 Bf5 4. Nc3 e6 5. g4 Bg6 6. Nge2 Bb4 7. Nf4 Ne7 8. h4 h6
9. Nxg6 Nxg6 10. h5 Ne7 11. g5 Nf5 12. gxh6 Nxh6 13. Bd3 f5 14. exf6 Qxf6 15.
Bg6+ Kd7 16. Rg1 Rf8 17. Be3 Na6 18. Qd2 Nf5 19. O-O-O Nd6 20. Bd3 Nc7 21. Rg6
Qf7 22. Rdg1 Rg8 23. a3 Bxc3 24. Qxc3 Nf5 25. Bxf5 exf5 26. Qb4 Nb5 27. a4 a5
28. Qc5 Nc7 29. h6 Ne6 30. Qb6 Kc8 31. h7 Rh8 32. Rxe6 Qxe6 33. Rxg7 1-0

[Event "Limhamns 5:e int. junior"]
[Site "Malmoe"]
[Date "1999.06.18"]
[Round "1"]
[White "Tarachowicz, Alina"]
[Black "Stahlberg, Adam"]
[Result "1/2-1/2"]
[WhiteElo "2041"]
[BlackElo "1800"]
[PlyCount "109"]
[EventDate "1999.05.??"]

1. e4 c6 2. d4 d5 3. Nd2 dxe4 4. Nxe4 Bf5 5. Ng3 Bg6 6. Nf3 Nf6 7. Ne5 Nbd7 8.
Nxg6 hxg6 9. Bd3 e6 10. Qe2 Qc7 11. Bd2 Be7 12. O-O-O O-O-O 13. c4 Rhe8 14. Bc3
c5 15. Bc2 cxd4 16. Bxd4 Bc5 17. Kb1 Bxd4 18. Rxd4 Nc5 19. Rhd1 Rxd4 20. Rxd4
Rd8 21. Qd1 e5 22. Rxd8+ Qxd8 23. f3 Qb6 24. Ne2 Ne6 25. Nc3 a6 26. a3 Kc7 27.
Be4 Qd4 28. Qxd4 Nxd4 29. Bd3 Kc6 30. b4 b6 31. Kb2 Ne6 32. a4 Nc7 33. Kb3 a5
34. Nb5 Na6 35. Nd4+ Kc7 36. Nc2 axb4 37. Nxb4 Nc5+ 38. Ka3 Kd6 39. Bf1 g5 40.
Na2 g4 41. Nc3 gxf3 42. gxf3 e4 43. fxe4 Nfxe4 44. Nxe4+ Nxe4 45. Kb4 f5 46.
Kb5 Kc7 47. a5 bxa5 48. Kxa5 f4 49. Kb4 f3 50. Bd3 f2 51. h4 Ng3 52. Kc5 f1=Q
53. Bxf1 Nxf1 54. Kd5 Ne3+ 55. Ke6 1/2-1/2

[Event "Limhamns 5:e int. junior"]
[Site "Malmoe"]
[Date "1999.06.19"]
[Round "2"]
[White "Stefanek, Piotr"]
[Black "Vovk, Oksana"]
[Result "1/2-1/2"]
[WhiteElo "2230"]
[BlackElo "2089"]
[PlyCount "130"]
[EventDate "2000.06.??"]

1. e4 e6 2. d3 d5 3. Nd2 c5 4. Ngf3 Nc6 5. g3 Nf6 6. Bg2 Be7 7. O-O O-O 8. Re1
Qc7 9. h4 Rd8 10. exd5 exd5 11. d4 Bg4 12. dxc5 Bxc5 13. Nb3 Bxf2+ 14. Kxf2
Ne4+ 15. Kg1 Qxg3 16. Rf1 Ne5 17. Nbd4 Rd6 18. Qe1 Bxf3 19. Qxg3 Nxg3 20. Nxf3
Nxf1 21. Nxe5 Ng3 22. Bd2 Re8 23. Re1 Ne4 24. Bf4 Rde6 25. Nd3 Nf6 26. Rd1 Re2
27. c3 b6 28. Bf3 R2e6 29. Kf1 a5 30. Bh2 Re3 31. Kf2 R3e7 32. Kf1 Rd8 33. Bg1
Re6 34. Nf4 Red6 35. Bd4 Ne4 36. Ke2 Ng3+ 37. Kd3 Nf5 38. Be5 R6d7 39. Bg4 Re7
40. Bf6 Re3+ 41. Kd2 gxf6 42. Nd3 Rxd3+ 43. Kxd3 Nxh4 44. Ke3 Re8+ 45. Kf2 Re5
46. Bc8 Ng6 47. Rd4 Ne7 48. Bh3 Kg7 49. Bg2 Kg6 50. b4 Nc6 51. Rd1 axb4 52. c4
dxc4 53. Bxc6 Ra5 54. Be4+ f5 55. Bb1 c3 56. Ke3 c2 57. Bxc2 Rxa2 58. Bb1 Ra3+
59. Kf4 b3 60. Bxf5+ Kg7 61. Rg1+ Kf6 62. Bxh7 b2 63. Rg2 Rb3 64. Bb1 Rb4+ 65.
Ke3 Ke6 1/2-1/2

[Event "Limhamns 5:e int. junior"]
[Site "Malmoe"]
[Date "1999.06.19"]
[Round "2"]
[White "Holmberg, Fredrik"]
[Black "Kharitonov, Sergei"]
[Result "1-0"]
[WhiteElo "1935"]
[BlackElo "2201"]
[PlyCount "63"]
[EventDate "1999.05.??"]

1. e4 c5 2. Nf3 d6 3. d4 cxd4 4. Nxd4 Nf6 5. Nc3 a6 6. Be3 e5 7. Nb3 Be6 8. Qd2
Nbd7 9. O-O-O b5 10. f3 Rc8 11. g4 Nb6 12. g5 Nfd7 13. f4 Bg4 14. Re1 Qc7 15.
Bxb6 Nxb6 16. Nd5 Nxd5 17. exd5 Be7 18. Be2 Bxe2 19. Rxe2 O-O 20. Rhe1 f5 21.
h4 Qc4 22. Kb1 e4 23. Na5 Qc5 24. Re3 Bd8 25. Nc6 a5 26. h5 h6 27. gxh6 gxh6
28. Rg3+ Kh7 29. Nxd8 Rfxd8 30. Reg1 Rd7 31. Qg2 Qa7 32. Rg6 1-0

[Event "Limhamns 5:e int. junior"]
[Site "Malmoe"]
[Date "1999.06.19"]
[Round "2"]
[White "Mansson, Lars"]
[Black "Rosell, Tomas"]
[Result "1/2-1/2"]
[WhiteElo "2120"]
[BlackElo "1805"]
[PlyCount "38"]
[EventDate "1999.05.??"]

1. e4 e5 2. Nf3 Nc6 3. Nc3 Nf6 4. Bb5 Nd4 5. Ba4 Bc5 6. Nxe5 O-O 7. Nd3 Bb6 8.
e5 Ne8 9. Nd5 d6 10. Ne3 dxe5 11. Nxe5 Qg5 12. N5c4 f5 13. f4 Qxf4 14. c3 Ne6
15. d4 Qh4+ 16. g3 Qd8 17. Ng2 Nd6 18. Nxd6 Qxd6 19. O-O Bd7 1/2-1/2

[Event "Limhamns 5:e int. junior"]
[Site "Malmoe"]
[Date "1999.06.19"]
[Round "2"]
[White "Owczarzak, Jerzy"]
[Black "Adamski, Michal"]
[Result "1-0"]
[WhiteElo "2194"]
[BlackElo "2110"]
[PlyCount "75"]
[EventDate "1999.05.??"]

1. e4 c5 2. Nf3 e6 3. d3 Nc6 4. g3 Nf6 5. Bg2 d6 6. O-O Be7 7. c3 O-O 8. Re1 b6
9. d4 Bb7 10. d5 Ne5 11. Nxe5 dxe5 12. c4 a6 13. Nc3 Ne8 14. b3 Nc7 15. a4 Bd6
16. Qd3 Qe7 17. f4 f6 18. f5 exf5 19. exf5 a5 20. Bf3 Bc8 21. Rf1 Bd7 22. Ra2
Ne8 23. h4 Kh8 24. Be4 Rd8 25. g4 Nc7 26. Rg2 Rg8 27. g5 Rde8 28. Qd1 Qf8 29.
Qh5 Rd8 30. g6 h6 31. Nd1 Be8 32. Nf2 Rd7 33. Ng4 Na6 34. Nxh6 gxh6 35. Bxh6
Rh7 36. g7+ Rgxg7 37. Bxg7+ Qxg7 38. Qxe8+ 1-0

[Event "Limhamns 5:e int. junior"]
[Site "Malmoe"]
[Date "1999.06.19"]
[Round "2"]
[White "Wakeham, Daniel"]
[Black "Tarachowicz, Alina"]
[Result "1-0"]
[WhiteElo "1955"]
[BlackElo "2040"]
[PlyCount "83"]
[EventDate "1999.05.??"]

1. d4 d5 2. c4 e6 3. Nc3 c6 4. cxd5 exd5 5. g3 Bd6 6. Bg2 f5 7. Nh3 Nd7 8. O-O
Ndf6 9. f3 Ne7 10. e4 fxe4 11. fxe4 dxe4 12. Nxe4 Bf5 13. Nxf6+ gxf6 14. Rxf5
Nxf5 15. Qh5+ Ke7 16. Qxf5 Qd7 17. Qxd7+ Kxd7 18. Bd2 Rae8 19. Kf1 h5 20. Nf4
Reg8 21. d5 h4 22. dxc6+ bxc6 23. Bh3+ Kc7 24. Kg2 hxg3 25. hxg3 Be5 26. Ne6+
Kb7 27. Bf4 Bxf4 28. Nxf4 Rd8 29. b3 Rd2+ 30. Kf3 Re8 31. Be6 Kc7 32. a4 Kd6
33. Ke3 Rb2 34. Rd1+ Kc7 35. Kf3 Kb6 36. Bc4 f5 37. Ne6 Rh8 38. Nf4 Rhh2 39.
Ne2 Kc5 40. Rd7 a5 41. Ra7 Kb4 42. Rf7 1-0

[Event "Limhamns 5:e int. junior"]
[Site "Malmoe"]
[Date "1999.06.19"]
[Round "2"]
[White "Decha, Eliska"]
[Black "Namini, Armin"]
[Result "0-1"]
[WhiteElo "2106"]
[BlackElo "1995"]
[PlyCount "72"]
[EventDate "1999.05.??"]

1. e4 c5 2. Nf3 d6 3. d4 cxd4 4. Nxd4 Nf6 5. Nc3 a6 6. Bc4 e6 7. Bb3 b5 8. Be3
Be7 9. Qe2 O-O 10. O-O-O b4 11. Na4 Nxe4 12. f3 Nf6 13. Qf2 d5 14. Ne2 Nbd7 15.
g4 Ne8 16. h4 Bb7 17. g5 Rc8 18. Rhg1 Qc7 19. f4 Nd6 20. h5 Nf5 21. g6 fxg6 22.
hxg6 h6 23. Nd4 Nxd4 24. Rxd4 Nc5 25. Qd2 Rf5 26. Kb1 Rcf8 27. Rxb4 a5 28. Nxc5
Bxc5 29. Rb5 Bxe3 30. Qxe3 Bc8 31. a3 Rxf4 32. Rc5 Qb6 33. Qc3 a4 34. Re1 Rf3
35. Qxf3 Qxc5 36. Qc3 Qxc3 0-1

[Event "Limhamns 5:e int. junior"]
[Site "Malmoe"]
[Date "1999.06.19"]
[Round "2"]
[White "Janiszyn, Elzbieta"]
[Black "Becker, Bartosz"]
[Result "1/2-1/2"]
[WhiteElo "2074"]
[BlackElo "1930"]
[PlyCount "59"]
[EventDate "1999.05.??"]

1. d4 e6 2. c4 b6 3. Nc3 Bb7 4. Nf3 f5 5. Bg5 Be7 6. Bxe7 Nxe7 7. e3 O-O 8. Bd3
d6 9. O-O Nd7 10. Ng5 Qe8 11. Nxe6 Bxg2 12. Nxf8 Bxf1 13. Qxf1 Nxf8 14. Nb5 c6
15. Nc3 Qg6+ 16. Kh1 Qf6 17. Qg2 Rc8 18. Rg1 Nfg6 19. Qg5 Rf8 20. f4 Nh4 21.
Qg3 Qh6 22. Qf2 Qf6 23. Rg5 Nhg6 24. Be2 Nh8 25. Qg2 Nf7 26. Rg3 Kh8 27. Rh3
Nh6 28. Rg3 Rg8 29. h3 Qf7 30. Kh2 1/2-1/2

[Event "Limhamns 5:e int. junior"]
[Site "Malmoe"]
[Date "1999.06.19"]
[Round "2"]
[White "Bobrowska, Beata"]
[Black "Flaisigova, Petra"]
[Result "0-1"]
[WhiteElo "1950"]
[BlackElo "2040"]
[PlyCount "56"]
[EventDate "1999.05.??"]

1. c4 e5 2. e3 Nc6 3. Nc3 d6 4. d4 exd4 5. exd4 g6 6. Nf3 Bg7 7. Be3 Nf6 8. Be2
O-O 9. O-O Ne7 10. Qd2 Nf5 11. Bg5 Re8 12. Nd5 c6 13. Bxf6 Bxf6 14. Nxf6+ Qxf6
15. Rfe1 Bd7 16. b3 Re7 17. d5 Rae8 18. Bf1 cxd5 19. cxd5 Rxe1 20. Rxe1 Rxe1
21. Nxe1 Nd4 22. Nc2 Nxc2 23. Qxc2 Qa1 24. Qe2 a6 25. a4 b5 26. g3 bxa4 27.
Qxa6 a3 28. Kg2 Qb2 0-1

[Event "Limhamns 5:e int. junior"]
[Site "Malmoe"]
[Date "1999.06.19"]
[Round "2"]
[White "Laksman, Efraim"]
[Black "Innab, Schass"]
[Result "1-0"]
[WhiteElo "2060"]
[BlackElo "1830"]
[PlyCount "57"]
[EventDate "1999.05.??"]

1. c3 d5 2. g3 e5 3. Bg2 c6 4. d3 Nf6 5. Nf3 Bd6 6. O-O Bg4 7. Qc2 Nbd7 8. e4
O-O 9. Nbd2 Kh8 10. a3 Ne8 11. Nh4 Nc7 12. b4 Be6 13. c4 d4 14. Nhf3 c5 15. Rb1
f5 16. exf5 Bxf5 17. Nh4 Rb8 18. Nxf5 Rxf5 19. Ne4 Be7 20. bxc5 Bxc5 21. Bh3
Rh5 22. Bxd7 Qxd7 23. Nxc5 Qh3 24. f3 b6 25. Qg2 Qxg2+ 26. Kxg2 Rf5 27. Ne4 Ne6
28. Bd2 Rff8 29. f4 1-0

[Event "Limhamns 5:e int. junior"]
[Site "Malmoe"]
[Date "1999.06.19"]
[Round "3"]
[White "Stefanek, Piotr"]
[Black "Holmberg, Fredrik"]
[Result "1-0"]
[WhiteElo "2230"]
[BlackElo "1935"]
[PlyCount "43"]
[EventDate "1999.05.??"]

1. e4 c5 2. Nf3 d6 3. Bb5+ Bd7 4. Bxd7+ Qxd7 5. c4 Nc6 6. Nc3 g6 7. d4 cxd4 8.
Nxd4 Bg7 9. Nde2 Nf6 10. O-O O-O 11. f3 Rac8 12. Bg5 a6 13. b3 Rfd8 14. Qd2 e6
15. Rad1 Ne7 16. e5 Ne8 17. exd6 Nxd6 18. Ne4 Rc6 19. Nxd6 Rxd6 20. Qxd6 Qxd6
21. Rxd6 Rxd6 22. Bxe7 1-0

[Event "Limhamns 5:e int. junior"]
[Site "Malmoe"]
[Date "1999.06.19"]
[Round "3"]
[White "Vovk, Oksana"]
[Black "Owczarzak, Jerzy"]
[Result "1/2-1/2"]
[WhiteElo "2089"]
[BlackElo "2194"]
[PlyCount "44"]
[EventDate "2000.06.??"]

1. d4 Nf6 2. Nf3 g6 3. c4 Bg7 4. Nc3 d5 5. e3 O-O 6. cxd5 Nxd5 7. Bc4 Nb6 8.
Bb3 N8d7 9. O-O c5 10. Qe2 cxd4 11. exd4 Nf6 12. Re1 Bg4 13. h3 Bxf3 14. Qxf3
Qd7 15. Bg5 h6 16. Bh4 Qxd4 17. Bxf6 Qxf6 18. Qxb7 e6 19. Re3 Rfb8 20. Qc7 Rc8
21. Qb7 Rcb8 22. Qc7 Rc8 1/2-1/2

[Event "Limhamns 5:e int. junior"]
[Site "Malmoe"]
[Date "1999.06.19"]
[Round "3"]
[White "Wakeham, Daniel"]
[Black "Mansson, Lars"]
[Result "0-1"]
[WhiteElo "1955"]
[BlackElo "2120"]
[PlyCount "62"]
[EventDate "1999.05.??"]

1. d4 d6 2. g3 Nf6 3. Bg2 g6 4. Nf3 Bg7 5. O-O O-O 6. b3 c5 7. Bb2 Nc6 8. dxc5
dxc5 9. Qxd8 Rxd8 10. Na3 Bf5 11. Nh4 Bg4 12. Bxc6 bxc6 13. f3 Bh3 14. Rfd1 g5
15. Ng2 Bxg2 16. Kxg2 Nd5 17. Bxg7 Ne3+ 18. Kg1 Rxd1+ 19. Rxd1 Nxd1 20. Bh6 f6
21. h4 gxh4 22. gxh4 Nc3 23. Kf2 Rd8 24. Nc4 Kf7 25. e4 Kg6 26. Bd2 Nb5 27. Be3
Nd4 28. c3 Nb5 29. Bxc5 Nxc3 30. a4 Rd7 31. Bb4 Nxa4 0-1

[Event "Limhamns 5:e int. junior"]
[Site "Malmoe"]
[Date "1999.06.19"]
[Round "3"]
[White "Kharitonov, Sergei"]
[Black "Namini, Armin"]
[Result "1-0"]
[WhiteElo "2201"]
[BlackElo "1995"]
[PlyCount "69"]
[EventDate "1999.05.??"]

1. e4 c5 2. Nf3 d6 3. d4 cxd4 4. Nxd4 Nf6 5. Nc3 a6 6. Be3 Ng4 7. Bg5 h6 8. Bh4
g5 9. Bg3 Bg7 10. Be2 h5 11. Bxg4 Bxg4 12. f3 Bd7 13. Bf2 Nc6 14. Qd2 g4 15.
Nd5 Rc8 16. O-O-O Qa5 17. Qxa5 Nxa5 18. Nb6 Rc7 19. Rhe1 Nc4 20. Nd5 Rc8 21. b3
Ne5 22. f4 Nc6 23. Nf5 Bxf5 24. exf5 Rh6 25. Bh4 Bf8 26. Bg5 Rh8 27. Bxe7 Bxe7
28. f6 Kf8 29. fxe7+ Kg7 30. Nc7 Rxc7 31. e8=Q Rxe8 32. Rxe8 Nb4 33. Rd2 Nxa2+
34. Kb2 Nb4 35. c3 1-0

[Event "Limhamns 5:e int. junior"]
[Site "Malmoe"]
[Date "1999.06.19"]
[Round "3"]
[White "Adamski, Michal"]
[Black "Laksman, Efraim"]
[Result "1/2-1/2"]
[WhiteElo "2110"]
[BlackElo "2060"]
[PlyCount "53"]
[EventDate "1999.05.??"]

1. e4 Nf6 2. e5 Nd5 3. c4 Nb6 4. d4 d6 5. exd6 cxd6 6. Nc3 g6 7. Nf3 Bg7 8. Be3
O-O 9. Be2 Bf5 10. O-O Nc6 11. Qd2 d5 12. c5 Nc4 13. Bxc4 dxc4 14. d5 Nb4 15.
Bd4 Bd3 16. Bxg7 Kxg7 17. Ne5 Bxf1 18. Rxf1 Qc7 19. Ng4 Nd3 20. d6 Qd7 21. Qh6+
Kg8 22. dxe7 Qxg4 23. exf8=Q+ Rxf8 24. h3 Qf5 25. Qh4 Qxc5 26. Ne4 Qf5 27. Nd6
1/2-1/2

[Event "Limhamns 5:e int. junior"]
[Site "Malmoe"]
[Date "1999.06.19"]
[Round "3"]
[White "Flaisigova, Petra"]
[Black "Janiszyn, Elzbieta"]
[Result "1-0"]
[WhiteElo "2040"]
[BlackElo "2074"]
[PlyCount "39"]
[EventDate "1999.05.??"]

1. e4 c6 2. d4 d5 3. exd5 cxd5 4. c4 Nc6 5. Nc3 dxc4 6. Nf3 Bg4 7. Bxc4 e6 8.
O-O Nf6 9. d5 exd5 10. Re1+ Be7 11. Nxd5 Bxf3 12. Nxf6+ gxf6 13. Qxf3 Qa5 14.
Bf4 Qb4 15. Qd5 O-O 16. Bh6 Qxb2 17. Rab1 Qc3 18. Re3 Qc2 19. Rg3+ Kh8 20. Bg7+
1-0

[Event "Limhamns 5:e int. junior"]
[Site "Malmoe"]
[Date "1999.06.19"]
[Round "3"]
[White "Tarachowicz, Alina"]
[Black "Decha, Eliska"]
[Result "0-1"]
[WhiteElo "2040"]
[BlackElo "2106"]
[PlyCount "54"]
[EventDate "1999.05.??"]

1. e4 c5 2. Nc3 e6 3. g3 Nc6 4. Bg2 Nge7 5. f4 d5 6. e5 d4 7. Ne4 Nd5 8. Qe2
Qa5 9. Kf2 Be7 10. Nf3 b5 11. Nfg5 h6 12. Nd6+ Bxd6 13. Bxd5 exd5 14. exd6+ Kf8
15. Re1 Bf5 16. Nf3 Bg4 17. h3 Bxh3 18. Ne5 Nxe5 19. Qxe5 Rd8 20. Qxd5 Qb6 21.
Qh5 Bc8 22. Re7 Be6 23. Qe5 d3 24. cxd3 Rxd6 25. Rxa7 f6 26. Ra8+ Kf7 27. Ra7+
Bd7 0-1

[Event "Limhamns 5:e int. junior"]
[Site "Malmoe"]
[Date "1999.06.19"]
[Round "3"]
[White "Becker, Bartosz"]
[Black "Stahlberg, Adam"]
[Result "1-0"]
[WhiteElo "1930"]
[BlackElo "1800"]
[PlyCount "57"]
[EventDate "1999.05.??"]

1. c4 c5 2. Nf3 Nf6 3. d4 cxd4 4. Nxd4 Nc6 5. Nc3 g6 6. e4 d6 7. Be2 Bg7 8. Nc2
Nd7 9. Be3 b6 10. Qd2 Bb7 11. f3 h5 12. Rc1 Nc5 13. O-O Qd7 14. Rfd1 Rc8 15. b4
Ne6 16. c5 bxc5 17. bxc5 Nb8 18. Bb5 Bc6 19. Bxc6 Rxc6 20. Nb4 Rc8 21. cxd6
exd6 22. Nb5 Rxc1 23. Nxd6+ Ke7 24. Qxc1 Qa4 25. Nd5+ Kxd6 26. Nc3+ Qxd1+ 27.
Qxd1+ Ke7 28. Nd5+ Kf8 29. Qa4 1-0

[Event "Limhamns 5:e int. junior"]
[Site "Malmoe"]
[Date "1999.06.19"]
[Round "3"]
[White "Innab, Schass"]
[Black "Bobrowska, Beata"]
[Result "1-0"]
[WhiteElo "1830"]
[BlackElo "1950"]
[PlyCount "49"]
[EventDate "1999.05.??"]

1. e4 e6 2. d4 d5 3. Nc3 Nf6 4. Bg5 Be7 5. e5 Nfd7 6. Bxe7 Qxe7 7. f4 Nb6 8.
Bd3 Nc4 9. Qg4 g6 10. Bxc4 dxc4 11. Qe2 Qb4 12. O-O-O b5 13. Nf3 c6 14. Ne4 O-O
15. Nf6+ Kg7 16. Ng5 Rh8 17. a3 Qe7 18. h4 Nd7 19. Nge4 Ba6 20. h5 Rab8 21. Qg4
b4 22. Nxd7 Qxd7 23. Nc5 Qc8 24. Qg5 Qd8 25. Nxa6 1-0

[Event "Limhamns 5:e int. junior"]
[Site "Malmoe"]
[Date "1999.06.20"]
[Round "4"]
[White "Rylander, Dennis"]
[Black "Stefanek, Piotr"]
[Result "0-1"]
[WhiteElo "2141"]
[BlackElo "2230"]
[PlyCount "150"]
[EventDate "1999.05.??"]

1. d4 Nf6 2. c4 Nc6 3. Nc3 e5 4. d5 Ne7 5. e4 Ng6 6. h4 h5 7. Bg5 Bc5 8. Be2 d6
9. b4 Bd4 10. Rc1 a5 11. Nb5 axb4 12. Nxd4 exd4 13. Qxd4 Qe7 14. Nf3 Rxa2 15.
Bd3 Ne5 16. Nxe5 Qxe5 17. Qxe5+ dxe5 18. c5 Ra3 19. Ke2 c6 20. Rhd1 Bd7 21. Ra1
O-O 22. Rab1 Ra4 23. Rdc1 Rfa8 24. f3 Ra2+ 25. Ke1 R2a3 26. Bc4 Rc3 27. Rxc3
bxc3 28. Ke2 cxd5 29. exd5 Ra4 30. c6 bxc6 31. Rb8+ Ne8 32. dxc6 Bxc6 33. Bb3
Rd4 34. Rb6 Bd7 35. Be3 Rxh4 36. Rb7 Nf6 37. Bg5 Rd4 38. Be3 Rd6 39. Rb8+ Kh7
40. Bxf7 c2 41. Rb2 Bf5 42. Bb3 Rc6 43. Bc1 e4 44. Ba4 Rc8 45. Kd2 exf3 46.
gxf3 h4 47. Ke2 Rc5 48. Rb4 h3 49. Kf2 Kg6 50. Rd4 Nh7 51. Rd6+ Kf7 52. Kg3 Nf8
53. Bb3+ Ne6 54. Rd7+ Kg6 55. Rd6 Kf6 56. Rd2 Rc7 57. Bb2+ Kf7 58. Bc1 g5 59.
Rd5 Kf6 60. Bb2+ Kg6 61. Rd6 h2 62. Kxh2 Rb7 63. Rxe6+ Bxe6 64. Bxc2+ Kh5 65.
Be5 Rb5 66. Bf6 Ra5 67. Kg3 Bd5 68. Be7 Ra7 69. Bd6 Ra6 70. Be5 Ra3 71. Bd1 Rd3
72. Be2 Re3 73. Bd1 Re1 74. f4+ Rxd1 75. fxg5 Kxg5 0-1

[Event "Limhamns 5:e int. junior"]
[Site "Malmoe"]
[Date "1999.06.20"]
[Round "4"]
[White "Mansson, Lars"]
[Black "Vovk, Oksana"]
[Result "1/2-1/2"]
[WhiteElo "2120"]
[BlackElo "2089"]
[PlyCount "39"]
[EventDate "1999.05.??"]

1. e4 e6 2. d4 d5 3. exd5 exd5 4. Nf3 Bd6 5. c4 c6 6. Nc3 Nf6 7. cxd5 Nxd5 8.
Bd3 Qe7+ 9. Be2 Be6 10. O-O O-O 11. Re1 Qc7 12. Bd3 h6 13. Bc2 Nd7 14. Qd3 N7f6
15. Ne4 Rfe8 16. Bd2 Rad8 17. Nxf6+ Nxf6 18. Bc3 Bd5 19. Ne5 Qc8 20. h3 1/2-1/2

[Event "Limhamns 5:e int. junior"]
[Site "Malmoe"]
[Date "1999.06.20"]
[Round "4"]
[White "Owczarzak, Jerzy"]
[Black "Kharitonov, Sergei"]
[Result "1/2-1/2"]
[WhiteElo "2194"]
[BlackElo "2201"]
[PlyCount "77"]
[EventDate "1999.05.??"]

1. e4 c5 2. Nf3 d6 3. Bb5+ Bd7 4. a4 Nf6 5. Qe2 Nc6 6. O-O g6 7. c3 a6 8. Bc4
Ne5 9. Nxe5 dxe5 10. a5 Bc6 11. d3 Bg7 12. Be3 Nd7 13. Nd2 Qc7 14. b4 Qd6 15.
Rab1 cxb4 16. cxb4 Bb5 17. Rfc1 O-O 18. Nb3 Rfc8 19. Bxb5 axb5 20. Nc5 Nxc5 21.
Rxc5 Rxc5 22. Bxc5 Qd7 23. g3 Rc8 24. Rb3 Rc6 25. Kg2 h5 26. h4 Kf8 27. d4 exd4
28. Qxb5 Ke8 29. Qd3 e5 30. Bb6 Qc8 31. b5 Rc3 32. Qd1 Bf6 33. Rxc3 dxc3 34.
Qc2 Qc4 35. Be3 Kf8 36. a6 bxa6 37. bxa6 Qxa6 38. Qxc3 Kg7 39. Qc2 1/2-1/2